000 00411cam a2200169u 4500
001 unk80010293
003 DLC
005 20260227112757.0
008 801222s1904 xx 000 0 eng
010 _aunk80010293
040 _aDLC
_cCarP
_dDLC
050 0 0 _aF880
_b.M15
100 1 _aMcCormick, Robert Laird,
_d1847-1911.
245 1 0 _aAddress of greeting...
260 _a[n. p.,
_c1904]
300 _ap. cm.
999 _c91293
_d91293